[Event "EICC 2017"]
[Site "Minsk"]
[Date "2017.06.01"]
[Round "3"]
[White "Sargissian, Gabriel"]
[Black "Alsina Leal, Daniel"]
[Result "1/2-1/2"]
[WhiteElo "2650"]
[BlackElo "2530"]
[Annotator "TA"]
[PlyCount "144"]
[EventDate "2017.??.??"]
[EventCountry "BLR"]
[SourceTitle "playchess.com"]
[Source "ChessBase"]
[SourceQuality "1"]

{[%evp 15,144,-6,-5,-48,-13,-16,-6,-31,-12,-26,-24,-27,-27,-70,-43,-48,-58,-42,-55,-97,-60,-128,-120,-156,-101,-262,-93,-104,-76,-90,-98,-141,-131,-118,-116,-114,-116,-121,-110,-113,-104,-126,-118,-141,-141,-135,-147,-131,-134,-133,-129,-182,-112,-112,-112,-112,-112,-105,-108,-122,-99,-95,-72,-78,-20,-21,-22,-17,-28,-35,-33,-17,-28,-41,-33,-16,-24,-34,0,0,0,0,0,0,0,0,0,-8,-8,-8,-8,-83,-83,-83,-83,-83,-83,-83,-83,-83,-83,-83,-83,-83,-83,-83,-83,-83,-83,-83,-83,-83,0,-83,-14,-14,-14,-16,-16,-16,-16,-16,-16,-16,-16,-16,-16,-16,-16,-16,-16]} 1. c4 e5 2. g3 c6 3. Nf3 e4 4. Nd4 d5 5. cxd5 Qxd5 6. Nc2 Nf6 7. Bg2 Qh5 8. h3 Qg6 {LiveBook: 34 Games} 9. b3 {A20: English Opening: 1...e5} (9. Nc3 Bc5 10. Ne3 O-O 11. Qc2 Re8 12. b3 Na6 13. a3 Nc7 14. Bb2 Bd4 15. O-O-O Ncd5 16. Ncxd5 Bxb2+ 17. Qxb2 Nxd5 {½-½ (38) Bu,X (2697)-Lalith,B (2529) Chengdu 2017}) 9... Nbd7 $146 ({Predecessor:} 9... Bd6 10. Bb2 Na6 11. Ne3 O-O 12. Bxf6 gxf6 13. Nc3 Re8 14. g4 b5 15. Qb1 f5 16. gxf5 Bxf5 {1-0 (43) Yuffa,D (2502)-Duzhakov,I (2404) Pardubice 2016}) 10. Nc3 Bc5 11. Ne3 O-O $1 12. Qc2 {[%cal Rc3e4]} Re8 13. Bb2 Bf8 14. g4 Nc5 15. b4 Na6 16. a3 Nc7 17. Rg1 a5 18. bxa5 (18. h4 $15) 18... Rxa5 $17 19. a4 Ncd5 ({Better is} 19... h5 20. gxh5 Rxh5) 20. Bh1 $2 (20. Nexd5 $17 {was called for.} cxd5 21. e3) 20... Nxc3 $2 (20... Nf4 $19 {is more deadly.} 21. Bg2 h5) 21. Bxc3 Ra6 22. a5 Nd5 23. Bd4 {[#]} c5 $1 {[%mdl 512] Strongly threatening ...Nb4.} 24. Bb2 (24. Bxc5 Rc6) 24... Nxe3 25. dxe3 b5 26. axb6 Rxb6 27. Bc3 Bd7 28. Kf1 Qe6 29. Kg2 {[#]} h5 $1 {[%mdl 512]} 30. Kf1 (30. gxh5 Qxh3#) 30... hxg4 31. hxg4 Qc4 32. Rc1 Rg6 33. Bd2 (33. Ba5 $17 Qxc2 34. Rxc2) 33... Qxc2 (33... Qd5 $19 34. f3 Bd6) 34. Rxc2 Bxg4 35. f3 Bh3+ 36. Kf2 Rxg1 37. Kxg1 Be6 38. fxe4 Bb3 39. Rc1 c4 (39... Be7 $17) 40. Bc3 $1 $11 Bd6 {[#]} 41. e5 $1 {[%mdl 512]} Bxe5 42. Bd5 Bxc3 43. Rxc3 $15 {[%mdl 4096] Endgame KRB-KRB} Rc8 44. e4 Kf8 45. Kf2 Ke7 46. Ke3 g5 47. Kd4 g4 48. Rg3 Rg8 49. e5 Rg5 50. e4 Kf8 51. Ke3 Ba2 52. Kf4 Rg6 53. Ra3 {[#]} (53. Kf5 $11 Ke7 54. Ra3) 53... g3 $1 $17 {[%cal Rg3g2][%mdl 512] And now ...g2 would win.} 54. Rxa2 (54. Rxg3 Rxg3) 54... g2 55. Rxg2 Rxg2 56. Bxc4 {KR-KB} Rf2+ 57. Kg5 Ke7 58. Bd5 Rf1 59. Bc4 Rf3 60. Bd5 Rf2 61. Bc4 Kd8 62. Bd5 Kd7 63. Kg4 Ke7 64. Kg5 f6+ (64... Re2 $17 65. Kf4 Rb2) 65. exf6+ $11 {The position is equal.} Rxf6 66. Kg4 Kd6 67. Kg5 Ke5 68. Kg4 Rf2 69. Kg3 $1 {[%cal Rg3f2]} Rc2 70. Kf3 Rc3+ 71. Kg4 Ra3 72. Bb7 Rb3 {Precision: White = 58%, Black = 58%.} 1/2-1/2

[Event "EICC 2017"]
[Site "Minsk"]
[Date "2017.06.01"]
[Round "3"]
[White "Volokitin, Andrei"]
[Black "Gabuzyan, Hovhannes"]
[Result "1/2-1/2"]
[WhiteElo "2649"]
[BlackElo "2570"]
[Annotator "TA"]
[PlyCount "85"]
[EventDate "2017.??.??"]
[EventCountry "BLR"]
[SourceTitle "playchess.com"]
[Source "ChessBase"]
[SourceQuality "1"]

{[%evp 15,85,-4,50,44,53,52,62,68,120,127,131,150,150,137,204,225,231,256,258,225,262,248,204,216,227,160,158,162,158,157,173,172,182,159,180,176,308,286,317,304,362,349,462,245,244,229,225,102,100,100,97,42,89,0,0,0,4,0,0,0,0,0,0,0,0,0,0,0,0,0,0,0]} 1. e4 c5 2. Nf3 d6 3. d4 cxd4 4. Nxd4 Nf6 5. Nc3 a6 6. h3 {[%cal Bh2h3,Bh3h4][%mdl 32]} e5 7. Nb3 Be7 {B90: Sicilian Najdorf: Unusual White 6th moves, 6 Be3 Ng4 and 6 Be3 e5} 8. g4 {[%cal Bg2g4,Bg4g5][%mdl 32]} Be6 {LiveBook: 4 Games} ({Better is} 8... h6 $11) 9. g5 $14 Nfd7 {White is slightly better.} 10. h4 b5 $146 ({Predecessor:} 10... O-O 11. Bh3 Nb6 12. g6 Bxh3 13. gxh7+ Kh8 14. Rxh3 N8d7 15. Qe2 {½-½ (51) Navara,D (2708)-Swiercz,D (2608) Saint-Quentin 2014}) 11. f4 h6 (11... exf4 $14 12. Nd4 (12. Bxf4 h6 $15) 12... Ne5) 12. f5 $1 $16 {[%cal Rf5e6]} Bxb3 13. axb3 hxg5 {[#]} 14. Bxb5 $1 {[%mdl 512]} gxh4 (14... Kf8 $16) (14... axb5 15. Rxa8) 15. Be3 Bg5 16. Bf2 h3 17. Qg4 ({Don't play} 17. Qxd6 Rh6 $18) 17... h2 {intending ...Kf8.} 18. Qg2 Kf8 19. Rxh2 $40 {[%mdl 128] White wants a kill.} Rh6 20. Rxh6 gxh6 21. Nd5 Nf6 22. Nxf6 $1 Bxf6 23. Qh3 Bg5 24. c3 Nd7 25. Bc6 ({Weaker is} 25. Rxa6 Rxa6 26. Bxa6 Qa5 $15) 25... Rb8 (25... Rc8 $142) 26. Rxa6 $18 Nf6 27. b4 d5 28. exd5 $1 e4 29. Bd4 (29. Qg3 $142) 29... Nxd5 30. Bxd5 Qxd5 31. f6 (31. Qh2 $18 Re8 32. Qd6+ Qxd6 33. Rxd6) 31... Kg8 $16 32. Ra5 Rb5 {[#]} 33. Qc8+ (33. Ra7 $1 $16) 33... Kh7 $14 {[#]} 34. Qf8 (34. Qg4 $1 $16 {And now Rxb5 would win.} Rxa5 35. bxa5) 34... Kg6 $1 $11 {The position is equal.} 35. Qg8+ Kf5 $1 36. Rxb5 (36. Qa8 $5 {[%cal Ra8d5]} Rxa5 37. Qxa5 $14) 36... Qxb5 37. Qxf7 {Qh7+ is the strong threat.} Qd3 $1 {aiming for ...Bh4+.} 38. Qh5 e3 39. Qe2 Qb1+ 40. Qd1 Qe4 $1 {[%cal Re4h4]} 41. Qh5 {Hoping for f7.} Qb1+ 42. Qd1 Qe4 $1 {[%cal Re4h4] ( -> ...Qh4+)} 43. Qh5 {Precision: White = 63%, Black = 54%.} 1/2-1/2

[Event "EICC 2017"]
[Site "Minsk"]
[Date "2017.06.01"]
[Round "3"]
[White "Lysyj, Igor"]
[Black "Sivuk, Vitaly"]
[Result "1/2-1/2"]
[WhiteElo "2643"]
[BlackElo "2520"]
[Annotator "TA"]
[PlyCount "43"]
[EventDate "2017.??.??"]
[EventCountry "BLR"]
[SourceTitle "playchess.com"]
[Source "ChessBase"]
[SourceQuality "1"]

{[%evp 17,43,34,41,35,34,29,44,24,32,24,32,32,31,18,45,15,14,9,20,14,0,-10,16,0,24,8,14,0]} 1. d4 d5 2. c4 c6 3. Nf3 Nf6 4. e3 Bg4 5. h3 Bxf3 6. Qxf3 e6 7. Nc3 Nbd7 {[%cal Bb8d7,Bd7f8,Bf8e6][%mdl 32]} 8. cxd5 exd5 9. Bd3 Bd6 10. g4 {D11: Slav Defence: 3 Nf3 sidelines and 3...Nf6 4 e3 Bg4} Nf8 11. Bd2 (11. h4 Ne6 12. g5 Nd7 13. Bd2 Qe7 14. O-O-O O-O-O 15. Qg4 g6 16. f4 f5 17. Qf3 Kb8 {½-½ (77) Lupulescu,C (2618)-Carlsen,M (2857) Baku 2016}) 11... Ne6 12. Qg2 {White is slightly better.} Qe7 13. O-O-O O-O-O 14. Kb1 {[#]} Kb8 $146 ({Predecessor:} 14... g6 15. h4 Kb8 16. f3 Ka8 17. Bc1 Bb4 {½-½ (61) Kuzubov,Y (2635)-Pavlovic,M (2535) Zuerich 2009}) 15. h4 {[%cal Bh3h4,Bh4h5,Bh5g6][%mdl 32]} Nd7 16. g5 g6 17. f3 Rhe8 18. Rhe1 Nb6 19. Qg4 Qd7 20. h5 a6 21. Ne2 c5 22. hxg6 {Precision: White = 37%, Black = 49%.} 1/2-1/2

[Event "EICC 2017"]
[Site "Minsk"]
[Date "2017.06.01"]
[Round "3"]
[White "Shimanov, Aleksandr"]
[Black "Plat, Vojtech"]
[Result "1/2-1/2"]
[WhiteElo "2642"]
[BlackElo "2522"]
[Annotator "TA"]
[PlyCount "76"]
[EventDate "2017.??.??"]
[EventCountry "BLR"]
[SourceTitle "playchess.com"]
[Source "ChessBase"]
[SourceQuality "1"]

{[%evp 9,76,64,89,56,82,85,86,78,82,75,106,77,79,76,85,75,93,91,93,9,46,-85,-37,-147,-100,-93,-56,-66,-19,-45,-24,-8,-8,-22,-15,-18,0,0,42,35,50,33,37,14,14,18,24,12,25,0,12,8,8,8,24,-36,-27,-27,-52,-95,-62,-51,-62,-58,0,-1,0,0,0]} 1. d4 d6 2. Nf3 Nf6 3. c4 c6 4. Nc3 Bf5 5. Nh4 Bg6 (5... Bd7 6. e4 e5 7. Nf3 Bg4 8. Be2 Nbd7 9. Be3 Be7 10. h3 Bxf3 11. Bxf3 O-O 12. O-O Ne8 13. Bg4 exd4 14. Qxd4 Nc5 15. Rad1 Qc7 16. f4 Nf6 17. Bf3 a5 {1-0 (41) Korobov,A (2720)-Jobava,B (2696) Tromsoe 2013}) 6. g3 {A53: Old Indian Defence without Nf3} Nbd7 7. Nxg6 hxg6 8. d5 $146 {White is better.} ({Predecessor:} 8. Bg2 e5 9. O-O Be7 10. a3 a5 11. b3 O-O 12. Bb2 exd4 13. Qxd4 {0-1 (41) Knelis,D (1903)-Labeckas,K (2221) Vilnius 2007}) 8... Qb6 9. Bg2 e6 10. dxe6 fxe6 11. Qc2 O-O-O 12. O-O Qc5 13. b3 ({But not} 13. Qxg6 $6 Qxc4 14. Bf4 e5 $11) 13... Qf5 {[#]} 14. Qb2 (14. e4 $1 $16 {[%cal Re4f5]} Qh5 15. h4) 14... d5 15. Qb1 {[#]} (15. h4 $14 {keeps the upper hand.}) 15... Qg4 $1 $36 {[%mdl 2048] Black has the initiative.} 16. Qc2 (16. h4 $1 $15) 16... Bc5 {...Rxh2! is the strong threat.} ({Much weaker is} 16... dxc4 $6 17. Na4 $11) 17. e3 Ne5 {Strongly threatening ...Qh5.} ({Much worse is} 17... dxc4 18. Na4 $11) 18. Qe2 $1 d4 (18... Bb4 {is interesting.} 19. h3 Nf3+ 20. Qxf3 Qxf3 21. Bxf3 Bxc3 22. Rb1 Rxh3 23. cxd5 exd5 24. Ba3 Rdh8) 19. h3 Qxe2 (19... Nf3+ $5 20. Qxf3 Qxf3 21. Bxf3 dxc3 $11) 20. Nxe2 dxe3 $1 21. Bxe3 Bxe3 22. fxe3 Rd3 (22... Rd2 $5 {[%cal Rd2e2]} 23. Nd4 Re8 $11) 23. Nf4 Rxe3 (23... Rc3 {is more complex.} 24. Nxe6 Ned7 25. Rae1 Re8 26. Nd4 Rcxe3 27. Rxe3 Rxe3 28. g4 a6) 24. Rae1 Rxe1 25. Rxe1 Nfd7 26. Nxe6 Re8 27. Ng5 Nf6 28. h4 Kc7 29. Bh3 Nd3 30. Ne6+ Kb6 31. Rf1 Re7 32. Rf3 (32. Nxg7 $11 Ne4 33. Ne6) 32... Nc5 $15 33. Nf4 Re1+ 34. Bf1 Nce4 {White must now prevent ...Nd2.} 35. Nxg6 Nd2 36. Rf4 Nfe4 ({Black should try} 36... Ra1 $15 37. b4 c5 38. bxc5+ Kxc5) 37. Kg2 $11 Re3 38. Rg4 Nf6 {Precision: White = 43%, Black = 64%.} 1/2-1/2

[Event "EICC 2017"]
[Site "Minsk"]
[Date "2017.06.01"]
[Round "3"]
[White "Solak, Dragan"]
[Black "Saraci, Nderim"]
[Result "1-0"]
[WhiteElo "2641"]
[BlackElo "2383"]
[Annotator "TA"]
[PlyCount "163"]
[EventDate "2017.??.??"]
[EventCountry "BLR"]
[SourceTitle "playchess.com"]
[Source "ChessBase"]
[SourceQuality "1"]

{[%evp 12,163,32,35,37,24,25,17,12,22,12,15,18,22,19,20,35,19,14,15,20,20,14,0,0,-12,34,18,27,27,24,22,23,19,43,39,35,31,31,31,38,11,36,22,20,18,39,20,20,0,31,35,54,35,97,31,31,22,31,35,31,13,31,31,61,31,31,31,31,31,31,0,0,0,31,32,32,42,42,50,68,20,16,0,0,0,0,0,0,0,0,0,0,0,0,0,0,0,0,0,0,0,8,8,8,8,8,8,8,8,35,10,303,268,222,245,193,220,832,832,5601,4359,8833,7247,6522,5581,5493,4686,29975,29976,29973,29974,29973,29972,29981,29982,29982,29983,29983,29982,29983,29980,29980,29981,29985,29980,29980,29979,29979,29980,29980,29981,29980,29977]} 1. e4 c5 2. Nc3 Nc6 3. Bb5 g6 4. Bxc6 dxc6 5. d3 Bg7 6. Be3 b6 7. Qd2 e5 {B23: Closed Sicilian: Lines without g3} 8. f4 (8. h3 Qd6 9. f4 Nf6 10. Nf3 exf4 11. Bxf4 Qe7 12. O-O O-O 13. Bg5 Qc7 14. Nh2 Ne8 15. Bh6 {1-0 (28) Hou,Y (2649)-Hemant,S (2371) Douglas 2016}) 8... Nf6 9. Nf3 Ng4 {The position is equal.} 10. Nxe5 Nxe5 11. fxe5 Qh4+ 12. Bf2 Qe7 $146 ({Predecessor:} 12... Qh5 13. Bg3 O-O 14. O-O Bxe5 15. Bxe5 Qxe5 {0-1 (46) Schork,S (2118)-Hilzinger,M (2087) Germany 2009}) 13. Bg3 Bxe5 14. Bxe5 Qxe5 15. O-O Be6 16. b3 O-O 17. Rae1 Rad8 18. Nd1 f5 (18... c4 $5) 19. exf5 Qd4+ 20. Kh1 Rxf5 21. Rxf5 Bxf5 22. Qg5 Qd7 23. h3 {Threatens to win with Re7.} Re8 24. Re3 Rxe3 25. Nxe3 Be6 26. Qe5 h5 27. Kh2 Kf7 28. Qf4+ Ke7 29. Qg5+ Kf7 30. Qf4+ Ke7 31. Kg3 Qd4 32. Qc7+ Qd7 ({Black should play} 32... Kf6 $14 33. Kf2 Qd7 34. Qf4+ Kg7) 33. Qb8 (33. Qxd7+ $1 $16 Bxd7 34. Kf4) 33... Kf7 $14 34. Qf4+ Kg7 35. Qe5+ Kf7 36. Kf2 Qd8 37. Ke2 Qd7 38. a4 Qe7 39. Qb8 Bd5 40. Kd2 Be6 41. Qa8 Qc7 42. Qh8 {Strongly threatening Qh7+.} Qd7 (42... Qg3 $5 {[%cal Rg3f2]} 43. Qh6 (43. Ke2 Bd5 $11) 43... Kg8 $11) 43. Qh7+ Kf6 44. Qh6 Kf7 45. Qf4+ Ke7 46. a5 Qd6 $1 {[%cal Rd6f4]} 47. Qh6 Bf7 48. Qg5+ Qf6 49. Qg3 Qd6 50. Qg5+ Qf6 51. Qg3 Qd6 52. Qh4+ Qf6 53. Qe4+ (53. Qe1 $5 {[%cal Re3d5]} Qf4 54. axb6 axb6 55. Ke2 $11) 53... Kd7 54. axb6 axb6 55. Ke2 Qg5 56. Qa4 {aiming for Qa7+.} Qe5 57. Qa7+ Qc7 58. Qxc7+ Kxc7 $11 {[%mdl 4096] Endgame KB-KN} 59. Kf3 Kd6 60. Kf4 b5 $1 61. c4 g5+ $2 {[%mdl 8192]} (61... h4 $1 $11) 62. Kf5 Bg8 63. Kf6 $1 ({Don't play} 63. Kxg5 $6 Ke5 $16) 63... Bh7 64. Nf5+ $1 ({And not} 64. Kxg5 Ke5 $15) 64... Kd7 $2 {[#]} (64... Kc7 65. Kxg5 h4) 65. g4 $1 $18 {[%cal Rg4h5]} hxg4 66. hxg4 b4 67. Kxg5 Ke6 68. d4 cxd4 69. Nxd4+ Kd6 {[#]} 70. Kf6 $1 {White mates.} Kc5 71. Ne6+ Kd6 72. g5 {[%cal Bg4g5,Bg5g6,Bg6g7][%mdl 32]} Bd3 73. c5+ Kd7 74. g6 Ke8 75. Nd4 Be4 76. g7 Bh7 77. Nxc6 Bg8 78. Nxb4 Bxb3 79. Nc6 Bc4 80. Ne5 Bg8 81. c6 Kd8 82. Ng4 {Precision: White = 63%, Black = 61%.} 1-0

[Event "EICC 2017"]
[Site "Minsk"]
[Date "2017.06.01"]
[Round "3"]
[White "Ivanisevic, Ivan"]
[Black "Martirosyan, Haik M"]
[Result "1/2-1/2"]
[WhiteElo "2638"]
[BlackElo "2516"]
[Annotator "TA"]
[PlyCount "92"]
[EventDate "2017.??.??"]
[EventCountry "BLR"]
[SourceTitle "playchess.com"]
[Source "ChessBase"]
[SourceQuality "1"]

{[%evp 13,92,4,4,-25,-12,-13,-14,0,-12,0,0,-17,0,0,13,8,20,-25,0,0,0,0,0,0,0,0,0,0,0,0,29,29,29,29,34,34,34,34,15,0,0,0,0,0,0,0,0,0,0,-9,-13,-69,-47,-60,-20,-73,0,-124,-166,-325,-239,-316,-261,-254,0,0,0,0,0,-23,0,0,0,0,0,0,0,0,0,0,0]} 1. d4 Nf6 2. Bg5 e6 3. Nd2 d5 4. e3 Be7 5. Bd3 b6 6. c3 {D00: 1 d4 d5: Unusual lines} Nbd7 7. f4 Bb7 {LiveBook: 3 Games} 8. Nh3 Ne4 $146 {[%cal Re4g5]} ({Predecessor:} 8... h6 9. Bxf6 Nxf6 10. O-O Ne4 11. Bxe4 dxe4 12. Nf2 f5 {½-½ (31) Kovacevic,V (2480)-Hernandez Onna,R (2460) Sombor 1976}) 9. Nxe4 dxe4 10. Bc4 h6 11. Bxe7 Qxe7 12. O-O Nf6 13. Qe2 g6 14. Nf2 Kf8 15. g4 {[%cal Bg2g4,Bg4g5][%mdl 32]} a6 16. Nh1 h5 17. g5 Ne8 $1 18. h4 Nd6 19. Ng3 f5 20. Rfd1 a5 21. a4 Nxc4 22. Qxc4 Ba6 23. Qb3 Bd3 24. Rd2 Kf7 25. Nh1 c5 26. Nf2 (26. Rxd3 $5 exd3 27. Nf2 $11) 26... c4 27. Qb5 Qd6 28. b3 Rhc8 29. Rb2 Rc6 30. Qe5 Qxe5 31. fxe5 cxb3 32. Rxb3 ({Better is} 32. Nxd3 $11 exd3 33. Rxb3) 32... Bc2 $15 33. Rb2 Rxc3 34. Rxb6 {[#]} (34. Nh3 $11) 34... Rxe3 (34... Rac8 $142 $1 35. Rb7+ Kg8) 35. Rb7+ $17 Kg8 36. Re7 $2 (36. Rc7 {was the only defense.} Bb3 37. Kf1) 36... f4 37. Rc1 Rc8 ({Inferior is} 37... Bxa4 38. Rcc7 $11) 38. Rxe6 Rec3 $2 (38... Rg3+ $19 39. Kh2 e3) 39. Rxg6+ $11 Kh7 40. Rf6 $1 $36 {[%cal Rf6f4][%mdl 2048] White fights for an advantage.} e3 {[#] Hoping for ...Bg6.} 41. Nh3 Be4 (41... f3 $5 42. Rxf3 Be4 43. Rf7+ Kg8 44. Rxc3 Rxc3 $15) 42. Rxc3 {The position is equal.} Rxc3 43. Nxf4 {Threatens to win with Kf1.} Rc1+ 44. Kh2 Rh1+ 45. Kg3 {Strongly threatening Ne2.} Rg1+ 46. Kh3 Rh1+ {Precision: White = 62%, Black = 51%.} 1/2-1/2

[Event "EICC 2017"]
[Site "Minsk"]
[Date "2017.06.01"]
[Round "3"]
[White "Kuzubov, Yuriy"]
[Black "Esipenko, Andrey"]
[Result "1-0"]
[WhiteElo "2637"]
[BlackElo "2509"]
[Annotator "TA"]
[PlyCount "173"]
[EventDate "2017.??.??"]
[EventCountry "BLR"]
[SourceTitle "playchess.com"]
[Source "ChessBase"]
[SourceQuality "1"]

{[%evp 19,173,0,8,0,0,0,5,0,11,0,0,0,0,-6,12,0,0,0,2,0,12,0,26,21,25,0,23,25,8,6,38,30,32,32,33,33,33,30,30,30,40,47,61,51,88,70,58,37,90,88,89,89,97,89,97,99,124,119,122,122,120,120,127,123,129,105,111,116,125,118,129,126,129,123,139,128,121,125,182,184,181,130,133,127,134,113,118,112,124,110,151,159,161,111,111,50,158,136,129,113,144,129,150,137,137,137,246,246,239,232,445,130,235,81,197,101,89,62,76,75,84,84,133,110,106,82,217,217,206,57,57,57,57,57,57,0,0,0,0,0,522,488,452,137,170,35,324,479,12842,12843,12843,12843,12845,12845,29998,29999]} 1. g3 d5 2. Nf3 Bg4 3. Bg2 c6 4. c4 Nd7 5. cxd5 cxd5 6. h3 {A11: English Opening: 1...c6} (6. O-O e6 7. Nc3 Ngf6 8. d3 Be7 9. Be3 O-O 10. Qb3 Bc5 11. Bf4 Qe7 12. Qxb7 h6 13. Na4 e5 14. Bxe5 Bb6 15. Nxb6 axb6 16. Bxf6 Qxf6 17. Qxd5 Qxb2 {1-0 (71) Malakhov,V (2694)-Kobalia,M (2632) Moscow 2015}) 6... Bxf3 7. Bxf3 e6 8. O-O $146 ({Predecessor:} 8. Nc3 Ne7 9. d3 Nc6 10. Bg2 Be7 11. O-O O-O 12. Bf4 Bg5 13. Bxg5 Qxg5 {½-½ (44) Burmakin,V (2585)-Raznikov,D (2484) Zalakaros 2015}) 8... Ngf6 9. d3 Bc5 10. Nc3 O-O {LiveBook: 3 Games} 11. a3 Rc8 12. Bg2 a6 13. Bd2 h6 14. Qb3 b5 15. Rac1 Qb6 16. Qa2 Rfd8 17. Qb1 (17. b4 $5 {[%cal Rb4c5]} Be7 18. e3 $11) 17... Qb8 18. Na2 Bb6 {...Rxc1 is the strong threat.} ({Not} 18... Qxg3 $2 19. Rxc5 $1 {[%mdl 512]} Qe5 20. Rxc8 $18) 19. e3 Nc5 20. Bc3 Ne8 21. b3 Nd7 22. Bd2 Nef6 23. Rxc8 Rxc8 24. Rc1 Bc5 25. Nb4 Qb7 26. d4 Bd6 27. Rxc8+ Qxc8 28. Qc2 $36 {[%mdl 2048] White is pushing.} Qa8 29. Bf1 h5 30. Be1 Ne4 31. Kg2 h4 32. g4 e5 33. Nc6 Qe8 (33... Bxa3 $14 34. f3 Ng3) 34. a4 $16 bxa4 35. bxa4 exd4 36. Nxd4 Ndc5 37. Nf5 Bf8 38. Nxh4 Nxa4 39. Bxa6 Nac5 40. Be2 g6 41. Nf3 Bg7 42. Qd1 Qd7 43. Qb1 Qa7 44. Qb5 Qa2 45. Kf1 Ne6 46. Qe8+ Bf8 47. Ne5 Nd6 48. Qd7 {And now Nxf7! would win.} Nc5 (48... Ng5 $16 {keeps fighting.} 49. h4 Qa1) 49. Qc6 $18 Nce4 50. Qa6 (50. Bf3 $18) 50... Qb1 $16 {Hoping for ...Nd2+.} 51. Qd3 Qb7 52. f3 Nc5 53. Qc2 Ne6 54. Bg3 Qb4 55. Qd3 Qb7 56. Nxg6 Nc5 57. Qc2 (57. Qd4 $16 {[%csl Gg6][%cal Rd4h8]} fxg6 58. Qxc5) 57... Nde4 ({Black should try} 57... Nc4 $1 $14 58. Bxc4 dxc4) 58. fxe4 Nxe4 59. Bf3 fxg6 60. Kg2 Bg7 61. Bf4 Kh7 62. h4 Qe7 (62... Qd7 $16 {was worth a try.} 63. h5 Qe6) 63. Bxe4 $1 $18 dxe4 64. Kg3 $1 Qb4 $2 (64... Bf6 {is a better defense.} 65. g5 Bg7) 65. Kh3 $2 (65. h5 $18) 65... Bc3 (65... Qb7 $16 66. Kg3 Qd5) 66. Qa2 $2 (66. Kg2 $1 $18 {is the precise move to win.}) 66... Qb7 (66... Bg7 $16) 67. Kg2 ({White should play} 67. Qe6 $18) 67... Bg7 $16 68. Kg3 Qb4 69. Kh3 Qb5 70. Qg2 Qd5 71. Qh1 Kg8 72. Kg3 Kh7 {[#]} (72... Bc3 $16 {might work better.}) 73. g5 $1 $18 Be5 74. Qf1 (74. Bxe5 $18 Qxe5+ 75. Kg2) 74... Bc3 75. Qe2 Qd3 76. Kf2 Qd7 77. h5 (77. Kg2 $14) 77... Qh3 $1 $11 78. hxg6+ Kg7 79. Qd1 Qe6 $2 {[%mdl 8192]} (79... Bb2 $1 $11 {and Black is okay.}) 80. Qh5 $18 Qxg6 81. Qg4 $2 (81. Qh3 $18 {and the rest is easy.}) 81... Qf7 $16 {[#]} 82. Kg3 (82. Kg2 $1 $18) 82... Qd5 $2 {[%mdl 8192]} ({Better is} 82... Be1+ $14 83. Kg2 Qa2+ 84. Kh3 Qf7) 83. Qc8 $18 Qd3 (83... Be1+ $142 84. Kg4 Ba5) 84. Qb7+ Kg8 85. Kg4 Bg7 86. Qc8+ Kh7 {[#]} 87. g6+ $1 {[%mdl 512] Precision: White = 55%, Black = 43%.} 1-0

[Event "EICC 2017"]
[Site "Minsk"]
[Date "2017.06.01"]
[Round "3"]
[White "Romanov, Evgeny"]
[Black "Mastrovasilis, Athanasios"]
[Result "1/2-1/2"]
[WhiteElo "2636"]
[BlackElo "2512"]
[Annotator "TA"]
[PlyCount "133"]
[EventDate "2017.??.??"]
[EventCountry "BLR"]
[SourceTitle "playchess.com"]
[Source "ChessBase"]
[SourceQuality "1"]

{[%evp 20,133,36,23,56,55,60,47,56,12,57,62,142,142,145,143,164,156,195,159,155,168,162,125,126,123,193,186,183,141,169,120,115,76,81,79,88,25,54,50,51,7,4,4,4,9,4,4,4,4,4,8,8,8,9,9,9,-93,-93,-87,-89,-87,0,0,0,-66,-62,-290,-275,-265,-269,-245,-230,-272,-230,-276,-276,-351,-337,-394,-391,-395,-390,-388,-379,-345,-353,-404,-400,-391,-383,-348,-331,-433,-426,-12825,-12819,-12817,-12825,-12824,-12828,-12823,-12829,-12829,-12831,-12832,-12832,-12833,-12830,-12829,-12831,-12831,-12830,-12829,-267,-267]} 1. c4 e6 2. g3 Nf6 3. Bg2 d5 4. Nf3 Be7 5. O-O O-O 6. b3 b6 7. Bb2 Bb7 8. e3 Nbd7 {[%cal Bb8d7,Bd7c5,Bc5e4][%mdl 32]} 9. Nc3 Ne4 10. cxd5 {A14: English Opening: 1...e6 with b3 by White} Nxc3 11. dxc3 {LiveBook: 5 Games} exd5 (11... Bxd5 12. c4 Bb7 13. Ne5 Nxe5 14. Bxb7 Rb8 15. Bxe5 Rxb7 16. Qg4 g6 17. Rad1 Qc8 {½-½ (36) Marin,M (2589)-Kryvoruchko,Y (2717) Reykjavik 2015}) 12. Nd4 {White is slightly better.} Nc5 13. c4 Bf6 {[#]} 14. b4 $146 ({Predecessor:} 14. Ba3 Re8 15. cxd5 Bxd5 16. Rc1 Bxg2 17. Kxg2 Bxd4 18. Qxd4 {½-½ (41) Panchenko,A (2530)-Razuvaev,Y (2525) Moscow 1981}) 14... Ne4 15. Qc2 c5 {[#]} ({Black should try} 15... Re8 $14) 16. bxc5 $1 $16 bxc5 17. Nf5 Qd7 {[#]} 18. cxd5 $1 Bxd5 {And now ...Bxb2 would win.} 19. Nxg7 {Rfd1 is the strong threat.} ({But not} 19. Bxe4 $6 Bxe4 20. Qxe4 Bxb2 $16) 19... Bxb2 20. Qxb2 Rab8 21. Qe5 f6 22. Qf5 Qxf5 (22... Rfd8 $16) 23. Nxf5 $18 Ba8 24. Rac1 Rb2 25. Rc4 Nd2 26. Bxa8 ({And not} 26. Rxc5 Bxg2 27. Kxg2 Nxf1 $15) (26. Rg4+ {keeps more tension.} Kh8 27. Rc1 c4 28. Bxa8 Rxa8 29. a3) 26... Rxa8 27. Rg4+ Kf8 28. Rd1 ({White should play} 28. Nh6 $16 Ke7 29. Rc1) 28... c4 29. Kg2 c3 30. Rh4 c2 31. Rc1 Rc8 $1 32. Rxh7 {aiming for Rh8+.} Kg8 $1 {[%cal Rg8h7]} 33. Rxa7 Rb1 $1 $132 {[%cal Rb1c1][%mdl 2048] Black is not keeping still} 34. Ne7+ Kf8 35. Nxc8 Rxc1 $11 {[%mdl 4096] Endgame KRN-KRN} 36. Rc7 Nb1 $1 37. Nd6 Na3 $1 38. Nf5 (38. Rc3 $11) 38... Rd1 $17 {[%mdl 1024] Black has strong compensation.} 39. Rc8+ Kf7 40. Rc7+ Kf8 41. Rc8+ Kf7 42. Rc7+ Ke8 $1 43. Rc8+ $2 (43. Ng7+ $15 Kf8 44. Nh5 (44. Ne6+ $2 Kg8 $19)) 43... Kd7 $19 44. Rxc2 Nxc2 45. g4 Nb4 46. a3 Nc6 47. h4 Ne5 48. f3 Ra1 49. h5 Rxa3 50. Kg3 Ke6 51. Nd4+ Kf7 52. Nf5 Nc4 53. Kf2 Rd3 54. f4 Nd6 {Hoping for ...Nxf5.} 55. Ke2 Rd5 56. Ng3 f5 57. g5 (57. Kf3 $142) 57... Ne4 58. Kf3 Nxg3 59. Kxg3 {KR-KP} Rd3 60. Kf3 Ra3 61. Kf2 Ra2+ 62. Kf3 Rh2 63. h6 Ra2 64. Kg3 Kg6 65. Kf3 Rb2 66. Kg3 Rb1 $2 (66... Rb8 67. Kf3 Re8) 67. Kf3 {[%mdl 32768] Precision: White = 53%, Black = 72%. . An unexpected result.} 1/2-1/2